Statistics for Countries With The Most Reserve Military Personnel (June 2021)

Click here to take the quiz!

General Stats

  • This quiz has been taken 31 times
  • The average score is 11 of 15

Answer Stats

HintAnswer% Correct
600,000North Korea
100%
2,000,000Russia
100%
510,000China
96%
1,340,000Brazil
92%
3,100,000South Korea
92%
845,500United States
92%
1,155,000India
88%
550,000Pakistan
88%
480,000Egypt
79%
400,000Indonesia
75%
900,000Ukraine
75%
465,000Israel
71%
1,655,000Taiwan
67%
1,385,000Singapore
25%
500,000Eritrea
0%

Score Distribution

Percentile by Number Answered

Percent of People with Each Score

Your Score History

You have not taken this quiz